|
|
|
|
| LEADER |
00000nam a22000007a 4500 |
| 005 |
20190521205029.0 |
| 007 |
cr|||| |||| |
| 008 |
190521s2015 co |||||s|||| 00||0 spa d |
| 020 |
|
|
|a 978-958-774-075-2
|
| 035 |
|
|
|a 23308
|
| 040 |
|
|
|a vLex
|
| 090 |
|
|
|c 8783
|d 8783
|
| 245 |
0 |
0 |
|a Tratados y manuales jurd̕icos del pero̕do radical
|h [Recurso electrn̤ico] :
|b Anl̀isis de la segunda mitad del siglo XIX colombiano
|
| 256 |
|
|
|a Servicio en ln̕ea
|
| 260 |
|
|
|a Bogot:̀
|b Universidad de Los Andes (Colombia),
|c 2015
|
| 300 |
|
|
|a 1 recurso electrn̤ico
|
| 500 |
|
|
|a En Colombia, la circulacin̤ de la literatura jurd̕ica a mitad del siglo XIX no era un asunto marginal. Los catl̀ogos de librera̕s y los anuncios de prensa de la p̌oca registran un importante nm︢ero de tratados de derecho pb︢lico y de manuales de ciencia constitucional publicados en un ambiente altamente politizado y en un pas̕ que an︢ estaba definiendo su direccin̤ institucional. Sin embargo, y a pesar de la gran relevancia para la ciencia jurd̕ica y para la historia intelectual del siglo XIX colombiano, hasta ahora estas publicaciones estǹ siendo recordadas y analizadas por estudiosos de la doctrina jurd̕ica de nuestro pas̕. As,̕ Tratados y manuales jurd̕icos del pero̕do radical busca recuperar tres aportes importantes de la literatura jurd̕ica pb︢lica del siglo XIX: Principios de administracin̤ pb︢lica (1847) de Cerbelen̤ Pinzn̤, el Tratado de ciencia constitucional (1875) de Jos ̌Mara̕ Rojas Garrido y las Definiciones de ciencia constitucional (1881) de Manuel Antonio Noriega. El lector podr,̀ adems̀ de acceder a los mencionados textos, contar con un anl̀isis del contexto histr̤ico de su publicacin̤ y de su impacto en la ciencia jurd̕ica colombiana y, en una menor medida, en la historia del libro en nuestro pas̕.
|
| 506 |
1 |
|
|a Disponible solo en los productos indicados
|d vLex Global
|d vLex Global (Academic Edition, excluding Law Schools)
|d vLex Global (U.S. Academic Edition, Law Schools)
|d vLex Global (U.S. Academic Edition, excluding Law Schools)
|d vLex Global (Academic Edition, Law Schools)
|
| 650 |
0 |
4 |
|a Derecho Constitucional
|z Colombia
|
| 650 |
0 |
4 |
|a Derecho Pb︢lico y Administrativo
|z Colombia
|
| 740 |
0 |
|
|a vLex Libros (Servicio en ln̕ea)
|
| 856 |
4 |
0 |
|u http://vlex.com/source/tratados-y-manuales-juridicos-del-periodo-radical-analisis-de-la-segunda-mitad-del-siglo-xix-colombiano-23308
|z Acceso restringido
|
| 942 |
|
|
|c BOOK
|
| 999 |
0 |
|
|a Constitutional Law
|
| 999 |
0 |
|
|a Public and Administrative Law
|